La interpretación de los símbolos: hermenéutica y lenguaje en la filosofía actual
保存先:
| 第一著者: | |
|---|---|
| フォーマット: | 図書 |
| 言語: | スペイン語 |
| 出版事項: |
Barcelona
Anthropos
1990
|
| シリーズ: | Autores, Textos y Temas Hermeneusis, 7
|
| 主題: | |
| タグ: |
タグ追加
タグなし, このレコードへの初めてのタグを付けませんか!
|
MARC
| LEADER | 00000nam a2200000 a 4500 | ||
|---|---|---|---|
| 001 | UCX8472 | ||
| 003 | CL-VaPUC | ||
| 008 | 940405e19900000SP |||||||||||||||||spa|d | ||
| 020 | |a 8476582021 | ||
| 082 | 0 | 4 | |a 401 |b GAR |2 21 |
| 100 | 0 | |a Garagalza, Luis |e author |9 325599 | |
| 245 | 1 | 3 | |a La interpretación de los símbolos: hermenéutica y lenguaje en la filosofía actual |
| 300 | |a 206 p | ||
| 942 | |c BK | ||
| 945 | |d 19940405 00:00:00 |a rbrito | ||
| 260 | |a Barcelona |b Anthropos |c 1990 | ||
| 650 | 0 | |a Filosofía del lenguaje |9 257082 | |
| 650 | 0 | |a Hermenéutica |9 269473 | |
| 583 | |a last modification |c 19940405 00:00:00 |k Rodrigo Vera | ||
| 490 | 0 | |a Autores, Textos y Temas Hermeneusis, 7 | |
| 999 | |c 227963 |d 227961 | ||
| 952 | |0 0 |1 0 |4 0 |6 401_000000000000000_GAR_1990 |7 0 |8 A |9 227481 |a BIBARQ |b BIBARQ |d 2019-11-15 |i 2967383 |l 1 |m 2 |o 401 GAR 1990 |p 2967383 |r 2025-01-20 |s 2024-04-08 |w 2019-11-15 |y BK |k ARQ | ||
| 952 | |0 0 |1 0 |4 0 |6 401_000000000000000_GAR_1990 |7 0 |8 A |9 227482 |a BIBTEO |b BIBTEO |d 2019-11-15 |i 2988224 |o 401 GAR 1990 |p 2988224 |r 2025-01-17 |w 2019-11-15 |y BK |k ICR | ||